[Event "ch-SLO w 2011"]
[Site "Ljubljana SLO"]
[Date "2011.08.09"]
[Round "4"]
[White "Rozic,V"]
[Black "Nadvesnik,M"]
[Result "1-0"]
[WhiteElo "2310"]
[BlackElo "1805"]

1.d4 d6 2.c4 g6 3.g3 Bg7 4.Bg2 Nf6 5.Nf3 O-O 6.O-O c5 7.Nc3 Na6 8.Re1 Nc7
9.h3 Rb8 10.dxc5 dxc5 11.Bf4 Bd7 12.e4 Qc8 13.Kh2 Nh5 14.Be3 Ne6 15.Nd5 Re8
16.e5 Bh8 17.g4 Nhg7 18.Bh6 b5 19.b3 bxc4 20.bxc4 Nc7 21.Ng5 Nge6 22.Qf3 Nxg5
23.Bxg5 Nxd5 24.cxd5 Bg7 25.Bf4 Rb2 26.Re2 Rxe2 27.Qxe2 Qc7 28.Qe4 Qa5 29.Bg3 Rc8
30.Bf1 Qd2 31.Bc4 f5 32.d6+ Kf8 33.Qb7 Rd8 34.dxe7+ Kxe7 35.Bb3 Bxe5 36.Bxe5 Qxf2+
37.Qg2 Qxg2+ 38.Kxg2 fxg4 39.h4 h5 40.Rf1 Bf5 41.Re1 Rd2+ 42.Kg3 Kd7 43.Bf6 Kc6
44.Re8 Rd3+ 45.Kf2 Rf3+ 46.Kg2 Bd3 47.Re6+ Kb5 48.Bd5 Rf5 49.Bb7 Kb4 50.Be7 Rf7
51.Re5 Kb5 52.Bc8 Kc6 53.Bxc5 a6 54.Be6 Rf4 55.Be7 Be4+ 56.Kg1 Bf3 57.Bb3 Kd7
58.Bg5 Re4 59.Rd5+ Kc6 60.Rd2 Re5 61.Kf2 a5 62.Bf4 Rf5 63.Kg3 Rf6 64.Rd8 Be4
65.Rg8 Bb1 66.Rc8+ Kb5 67.Rb8+ Kc5 68.Bg8 Be4 69.Be3+ Kd6 70.Rb6+  1-0

[Event "24th Panevezys Open"]
[Site "Panevezys LTU"]
[Date "2011.08.09"]
[Round "1.8"]
[White "Zebelis,R"]
[Black "Tsiganova,M"]
[Result "0-1"]
[WhiteElo "1888"]
[BlackElo "2161"]

1.d4 Nf6 2.Nf3 g6 3.g3 Bg7 4.Bg2 O-O 5.c4 d6 6.Nc3 c6 7.O-O Nbd7 8.Qc2 e5
9.dxe5 dxe5 10.e4 Qc7 11.b3 Re8 12.a4 Nc5 13.Bb2 Bg4 14.b4 Ne6 15.Ne2 Nd7
16.Rad1 a5 17.bxa5 Ndc5 18.Bc3 f5 19.h3 Bxf3 20.Bxf3 Ng5 21.Bg2 Ngxe4 22.Bb4 Na6
23.Be1 Nec5 24.Rb1 Rad8 25.Bc3 Qf7 26.Ba1 Nd3 27.Rfd1 e4 28.Bxg7 Qxg7 29.Rd2 Nac5
30.Rbd1 Ra8 31.f3 Qh6 32.Kh2 exf3 33.Bxf3 Nf2 34.Rf1 Qxh3+ 35.Kg1 Nfe4 36.Bg2 Qh6
37.Rd4 Qe3+ 38.Kh2 Nf2 39.Rd2 Ng4+ 40.Kh1 Qh6+  0-1

[Event "50th World Juniors"]
[Site "Chennai IND"]
[Date "2011.08.10"]
[Round "8.42"]
[White "Krishna,CRG"]
[Black "Lim,Z"]
[Result "1-0"]
[WhiteElo "2330"]
[BlackElo "2155"]

1.d4 Nf6 2.Nf3 g6 3.c4 Bg7 4.g3 O-O 5.Bg2 d6 6.O-O Nbd7 7.Nc3 e5 8.e3 Re8
9.b3 c6 10.a4 Nf8 11.Ba3 e4 12.Nd2 Bf5 13.Rc1 h5 14.b4 N8h7 15.Ne2 Qd7 16.Rc3 Bg4
17.f3 exf3 18.Nxf3 Bh6 19.Bc1 Ne4 20.Rb3 Nhg5 21.Nf4 d5 22.Qc2 Nxf3+ 23.Bxf3 Bxf3
24.Rxf3 Bxf4 25.Rxf4 Qe6 26.c5 a6 27.Qg2 Kg7 28.Bb2 g5 29.Rf1 Qg4 30.Bc1 Re6
31.Rb2 Rf6 32.Rxf6 Nxf6 33.Rf2 Ne4 34.Rf3 Qe6 35.Qf1 f6 36.Qg2 Rh8 37.Kf1 Kf7
38.Bb2 g4 39.Rf4 h4 40.gxh4 Rxh4 41.Ke2 Ng5 42.Bc1 Ke7 43.Kd1 Ne4 44.Kc2 Qg8
45.Kb3 Qg5 46.b5 axb5 47.axb5 Qh5 48.Qa2 Qe8 49.Qa7 Qd7 50.Qb8 Kf7 51.b6 Qe7
52.Qc8 Rxh2 53.Rxg4 Ng5 54.Qf5 Ne4 55.Qg6+ Ke6 56.Qg8+ Qf7 57.Qc8+ Qd7 58.Qb8 Rf2
59.Rg8 Nxc5+ 60.dxc5 Qh7 61.Qc8+  1-0

[Event "50th World Juniors"]
[Site "Chennai IND"]
[Date "2011.08.10"]
[Round "8.36"]
[White "Mithil,A"]
[Black "Rajesh,VA"]
[Result "0-1"]
[WhiteElo "2130"]
[BlackElo "2292"]

1.d4 Nf6 2.c4 g6 3.Nf3 Bg7 4.g3 O-O 5.Bg2 d6 6.O-O Nbd7 7.Nc3 e5 8.e4 c6
9.h3 exd4 10.Nxd4 Re8 11.Re1 Qa5 12.Be3 Ne5 13.Bf1 Be6 14.Nxe6 Rxe6 15.f4 Ned7
16.Bf2 Rae8 17.Qb1 Nh5 18.Bg2 Nb6 19.c5 dxc5 20.e5 f6 21.Ne4 Nd5 22.Nxc5 R6e7
23.e6 f5 24.Qd3 Nhf6 25.Qc4 Qb4 26.Qc2 Ne4 27.Nxe4 fxe4 28.Rxe4 Qxb2 29.Qxb2 Bxb2
30.Rb1 Bf6 31.Bc5 Nc3 32.Bxe7 Rxe7 33.Rbe1 Nxe4 34.Rxe4 Rc7 35.Rc4 Kf8 36.g4 Ke7
37.f5 gxf5 38.gxf5 Kd6 39.Kf2 b5 40.Rc1 c5 41.Rd1+ Ke7 42.Rd5 a5 43.Ke2 a4
44.Kd2 b4 45.Rd7+ Rxd7+ 46.exd7 c4 47.Bd5 c3+ 48.Kc2 Kxd7 49.Bg8 Kd6 50.h4 h6
51.h5 Kc5 52.Be6 Kd4 53.Bf7 Ke3 54.Bc4 Kf4 55.Bd3 Kg5 56.Bc4 Kxh5 57.Kc1 Kh4
58.Kb1 Kg3 59.Kc2 h5 60.Bb5 b3+ 61.axb3 a3 62.Kb1 c2+ 63.Ka2 c1=Q 64.b4 Qb2+  0-1

[Event "20th ZMDI Open A"]
[Site "Dresden GER"]
[Date "2011.08.10"]
[Round "5.3"]
[White "Turov,M"]
[Black "Markowski,T"]
[Result "1/2-1/2"]
[WhiteElo "2630"]
[BlackElo "2611"]

1.d4 Nf6 2.c4 g6 3.Nf3 Bg7 4.g3 O-O 5.Bg2 d6 6.O-O c6 7.Nc3 Bf5 8.Ne1 Be6
9.b3 d5 10.cxd5 cxd5 11.e3 Nc6 12.Nd3 Bf5 13.Bb2 Rc8 14.Rc1 e6 15.h3  1/2-1/2

[Event "Split Open"]
[Site "Split CRO"]
[Date "2011.08.10"]
[Round "6.2"]
[White "Saric,Ib"]
[Black "Bosiocic,Mari"]
[Result "0-1"]
[WhiteElo "2563"]
[BlackElo "2573"]

1.d4 Nf6 2.c4 g6 3.Nf3 Bg7 4.g3 O-O 5.Bg2 d6 6.Nc3 Nc6 7.O-O Bf5 8.d5 Na5
9.Nd2 c5 10.e4 Bd7 11.Qc2 a6 12.b3 b5 13.Bb2 Rb8 14.Rab1 h5 15.Ne2 Re8 16.Bc3 e6
17.Nf4 exd5 18.cxd5 b4 19.Ba1 Bb5 20.Rfe1 Ng4 21.Bxg7 Kxg7 22.a4 bxa3 23.Qc3+ Kg8
24.Ra1 c4 25.bxc4 Rc8 26.Qxa3 Nxc4 27.Nxc4 Bxc4 28.Bh3 Qf6 29.Rac1 Bb5 30.Rxc8 Rxc8
31.Qa1 Qxa1 32.Rxa1 Rc2 33.f3 Ne5 34.Bg2 Rc3 35.Kf2 Kg7 36.Ne2 Rc2 37.Bf1 Rb2
38.h3 Nc4 39.f4 Nd2  0-1

[Event "e2e4 Int Masters B"]
[Site "Sunningdale ENG"]
[Date "2011.08.11"]
[Round "3"]
[White "Suez Panama,G"]
[Black "Ghasi,A"]
[Result "0-1"]
[WhiteElo "2078"]
[BlackElo "2367"]

1.d4 Nf6 2.Nf3 g6 3.c4 Bg7 4.g3 O-O 5.Bg2 d6 6.Nc3 Nc6 7.O-O a6 8.Qd3 Nd7
9.a3 e5 10.d5 Nc5 11.Qd1 Nd4 12.Nd2 a5 13.e3 Nf5 14.Qc2 h5 15.b3 Bh6 16.Nde4 Na6
17.Ne2 Qe7 18.Bd2 Ng7 19.Bxa5 f5 20.Nd2 h4 21.Rae1 hxg3 22.hxg3 Nh5 23.Bc3 Nf6
24.Nf3 Nc5 25.Bb2 Qh7 26.Nh2 Bd7 27.b4 Na4 28.Bc1 e4 29.f3 Rae8 30.Nf4 Nb6
31.Bb2 g5 32.Ne6 Bxe6 33.dxe6 Rxe6 34.fxe4 Nxe4 35.c5 dxc5 36.Bxe4 Rxe4 37.Qxc5 g4
38.Bd4 Rd8 39.Qc3 Nd5 40.Qb3 Qf7 41.Rf2 Qe6 42.Rfe2 Kh7 43.Nf1 Nf4 44.Qxe6 Nxe2+
45.Rxe2 Rxe6 46.Rc2 c6 47.Kf2 Kg6 48.Rc4 Bg5 49.a4 Rd5 50.Rc2 Be7 51.Rb2 Kf7
52.Nd2 Rh6 53.Kg2 Bd6 54.Nf1 Rh3 55.a5 Ke6 56.Rb1 Kd7 57.Bf6 Rh5 58.Bd4 Rb5
59.Bc3 c5 60.Nd2 cxb4 61.Nc4 Be7 62.Rd1+ Ke6 63.Bb2 Rc5 64.Nd2 Rc2 65.Bd4 Bd6
66.e4 f4 67.e5 f3+ 68.Kg1 Be7 69.Ba1 Bc5+  0-1

[Event "50th World Juniors"]
[Site "Chennai IND"]
[Date "2011.08.12"]
[Round "10.15"]
[White "Urkedal,F"]
[Black "Rajesh,VA"]
[Result "1-0"]
[WhiteElo "2448"]
[BlackElo "2292"]

1.d4 Nf6 2.c4 g6 3.Nf3 Bg7 4.g3 O-O 5.Bg2 d6 6.Nc3 Nbd7 7.O-O e5 8.e4 c6
9.Qc2 exd4 10.Nxd4 Qb6 11.Rd1 Re8 12.h3 a5 13.Be3 Nc5 14.Nb3 Bf8 15.Nxc5 dxc5
16.f4 Qa6 17.b3 Nd7 18.Rd2 Be7 19.Rad1 Nf8 20.f5 b6 21.Bf4 Bf6 22.Rd6 Bd4+
23.Kh2 Bb7 24.Ne2 Bh8 25.a4 Rac8 26.g4 Qa8 27.Qd2 Ba6 28.f6 b5 29.cxb5 cxb5
30.axb5 Bxb5 31.Nc3 Bc6 32.e5 Bxg2 33.Qxg2 Qb8 34.Nd5 Ne6 35.Bg3 Qa7 36.Nb6 Rc7
37.Qd5 Qb8 38.Rd3 h6 39.h4 Rb7 40.Na4 Rb5 41.Qc6 Rc8 42.Qa6 c4 43.bxc4 Rxc4
44.Nc3 Rb2+ 45.Kh3 Rf4 46.Rxe6 Rf1 47.Rd1 Rf3 48.Qc6 Rxg3+ 49.Kxg3 Qa7 50.Re8+ Kh7
51.Qf3 Bxf6 52.Qxf6  1-0

[Event "50th World Juniors"]
[Site "Chennai IND"]
[Date "2011.08.14"]
[Round "12.10"]
[White "Urkedal,F"]
[Black "Piorun,K"]
[Result "0-1"]
[WhiteElo "2448"]
[BlackElo "2514"]

1.d4 Nf6 2.c4 g6 3.Nf3 Bg7 4.g3 O-O 5.Bg2 d6 6.Nc3 c6 7.O-O Qa5 8.Qd2 Qa6
9.b3 b5 10.cxb5 cxb5 11.b4 Nc6 12.a4 Nxb4 13.Rb1 Nbd5 14.axb5 Qb6 15.Na4 Qd8
16.Nh4 Rb8 17.e4 Nb6 18.Nc3 Qc7 19.Qd3 Bb7 20.Bb2 Qc4 21.Qd2 Rfc8 22.Rfc1 Qe6
23.d5 Nc4 24.Qe2 Nxd5 25.Nxd5 Nxb2 26.Qf1 Qd7 27.Rxc8+ Rxc8 28.Ra1 Bxd5 29.exd5 Qb7
30.Qe2 Bf6 31.Be4 Rc5 32.Nf3 Nd3 33.Rb1 Ne5 34.Nxe5 Bxe5 35.Qd3 Rc3 36.Qd2 Qb6
37.Kg2 Kg7 38.h4 h5 39.Bf3 Qc5 40.Bd1 Qc4 41.Bf3 Bxg3 42.Be2 Qe4+ 43.f3 Qe5  0-1

[Event "27th Geraadsbergen Open"]
[Site "Geraadsbergen BEL"]
[Date "2011.08.14"]
[Round "7.3"]
[White "Verlinden,D"]
[Black "Renette,H"]
[Result "0-1"]
[WhiteElo "2055"]
[BlackElo "2348"]

1.d4 Nf6 2.Nf3 g6 3.c4 Bg7 4.g3 O-O 5.Bg2 d6 6.Nc3 Nc6 7.O-O a6 8.h3 Bd7
9.Re1 Rb8 10.e4 e5 11.d5 Nd4 12.Be3 Nxf3+ 13.Qxf3 Qc8 14.Kh2 Ng4+ 15.Kg1 Nxe3
16.Qxe3 Bxh3 17.Rac1 Bxg2 18.Kxg2 f5 19.exf5 gxf5 20.Rh1 c5 21.Rh5 Rf6 22.Rch1 h6
23.R1h4 b5 24.cxb5 axb5 25.g4 b4 26.g5 Rg6 27.Ne2 Qb7 28.Qd2 f4 29.Qd3 Qf7
30.Rg4 c4 31.Qf3 hxg5 32.Rhxg5 Rxg5 33.Rxg5 Qf6 34.Rg4 Rc8 35.Qh3 Rc7 36.f3 c3
37.bxc3 bxc3 38.Qh5 c2 39.Nc1 Qf7 40.Qg5 Rd7 41.Nb3 Qxd5 42.Rxf4 c1=Q 43.Nxc1 Qd2+  0-1

[Event "Stare Mesto FIDE Open"]
[Site "Stare Mesto CZE"]
[Date "2011.08.14"]
[Round "3.19"]
[White "Volodin,V"]
[Black "Spacek,M"]
[Result "0-1"]
[WhiteElo "2200"]
[BlackElo "1747"]

1.Nf3 Nf6 2.c4 g6 3.d4 Bg7 4.g3 O-O 5.Bg2 d6 6.O-O c6 7.Nc3 Bf5 8.b3 Ne4
9.Bb2 Nxc3 10.Bxc3 Be4 11.Qd2 d5 12.Qe3 Nd7 13.Bh3 Bxf3 14.Qxf3 Nf6 15.Qd3 e6
16.Bg2 Qc7 17.Rac1 Rfd8 18.Qc2 Rac8 19.Rfd1 a6 20.c5 Re8 21.b4 Nd7 22.Qb2 e5
23.dxe5 Nxe5 24.Qa1 Bh6 25.e3 f5 26.a4 Bg7 27.Bd4 Ng4 28.h3 Nh6 29.Qc3 Bxd4
30.Rxd4 Nf7 31.g4 fxg4 32.hxg4 Ne5 33.Rf4 Rf8 34.Qd4 Qg7 35.Rd1 Rce8 36.Kf1 Rxf4
37.Qxf4 Rf8 38.Qg3 Nc4 39.Rd4 Kh8 40.Bf3 g5 41.Be2 Ne5 42.Kg2 Ng6 43.Kg1 Qf6
44.Bd1 Nh4 45.f4 Ng6 46.f5 Ne5 47.Be2 Re8 48.Kf2 Qe7 49.Qh3 a5 50.Qh5 Nf7
51.Qh3 Ne5 52.Qh5 Nc4 53.Bxc4 Qxe3+ 54.Kg2 Qxd4  0-1

[Event "Stockholm Open"]
[Site "Stockholm SWE"]
[Date "2011.08.16"]
[Round "4"]
[White "Annenkov,K"]
[Black "Wahlstedt,M"]
[Result "1-0"]
[WhiteElo "2262"]
[BlackElo "2043"]

1.d4 Nf6 2.c4 g6 3.g3 d6 4.Bg2 Bg7 5.Nf3 O-O 6.O-O Nc6 7.Nc3 Rb8 8.b3 Bf5
9.Nh4 Bg4 10.h3 Bd7 11.Be3 a6 12.Rc1 b5 13.cxb5 axb5 14.d5 Na5 15.Qd2 b4
16.Nd1 Rb5 17.Nb2 Qb8 18.Rfd1 e6 19.dxe6 fxe6 20.Bh6 e5 21.Rc2 Be6 22.Bxg7 Kxg7
23.Rdc1 Rf7 24.Qd3 Ne8 25.Nf3 Bf5 26.e4 Bc8 27.Nd1 Bd7 28.Ne3 Nb7 29.Ng5 Rf8
30.Ne6+ Bxe6 31.Qxb5 Qa7 32.Qxb4 c5 33.Qd2 Na5 34.b4 Nc6 35.bxc5 Nd4 36.cxd6 Rf7
37.Nc4 Bxc4 38.Rxc4 Nxd6 39.Rc5 Qa3 40.Kh2 Re7 41.Rxe5  1-0

[Event "10th Lichtenberger Sommer"]
[Site "Berlin GER"]
[Date "2011.08.18"]
[Round "6.10"]
[White "Kollberg,L"]
[Black "Meissner,F"]
[Result "1/2-1/2"]
[WhiteElo "2237"]
[BlackElo "2268"]

1.d4 Nf6 2.c4 g6 3.g3 Bg7 4.Bg2 O-O 5.Nf3 d6 6.Nc3 Nbd7 7.O-O e5 8.e4 c6
9.h3 Re8 10.Be3 Qa5 11.d5 Qb4 12.Qb3 Qxb3 13.axb3 a6 14.b4 Rb8 15.Ba7 Ra8
16.Be3 Rb8 17.Ba7 Ra8  1/2-1/2

[Event "Botvinnik Mem Senior"]
[Site "Suzdal RUS"]
[Date "2011.08.18"]
[Round "9"]
[White "Chernikov,O1"]
[Black "Zaitsev,I"]
[Result "1/2-1/2"]
[WhiteElo "2402"]
[BlackElo "2408"]

1.d4 Nf6 2.c4 g6 3.g3 Bg7 4.Bg2 O-O 5.Nf3 d6 6.O-O Bd7 7.Nc3 Nc6 8.h3 Qc8
9.Kh2 e5 10.dxe5 dxe5 11.Be3 Be6 12.Nd2  1/2-1/2

[Event "10th Lichtenberger Sommer"]
[Site "Berlin GER"]
[Date "2011.08.19"]
[Round "7.32"]
[White "Zschaebitz,K"]
[Black "Koenig,Fr"]
[Result "1-0"]
[WhiteElo "2088"]
[BlackElo "1975"]

1.Nf3 Nf6 2.d4 g6 3.g3 Bg7 4.Bg2 O-O 5.c4 d6 6.O-O Nc6 7.Nc3 a6 8.h3 Rb8
9.Be3 b5 10.Nd2 Qe8 11.d5 Nd8 12.cxb5 axb5 13.b4 e6 14.dxe6 fxe6 15.Ba7 Rb7
16.Bxb7 Bxb7 17.Rc1 c5 18.bxc5 b4 19.Na4 Qc6 20.Nf3 d5 21.Bb6 d4 22.Nb2 Nd5
23.Nd3 Nc3 24.Nxb4 Qe4 25.Rxc3 dxc3 26.Bxd8 Qxb4 27.Be7 Bd5 28.Bxf8 Kxf8
29.c6 Qc5 30.Qc2 Qxc6 31.Ne1 Kf7 32.Nd3 Bg2 33.f3 Bxf1 34.Kxf1 Qb6 35.Qc1 Kg8
36.Kg2 Qa5 37.Qc2 Bd4 38.Qb3 Kf7 39.Qb7+ Kf8 40.Qc8+ Ke7 41.Qb7+ Kf8 42.Qb4+ Qxb4
43.Nxb4 Ke7  1-0

[Event "10th Lichtenberger Sommer"]
[Site "Berlin GER"]
[Date "2011.08.20"]
[Round "8.11"]
[White "Heuser,P"]
[Black "Kohler,T"]
[Result "1/2-1/2"]
[WhiteElo "2146"]
[BlackElo "2255"]

1.d4 Nf6 2.c4 g6 3.Nf3 Bg7 4.g3 O-O 5.Bg2 d6 6.O-O Nc6 7.Nc3 Bf5 8.d5 Na5
9.Nd4 Bd7 10.b3 c5 11.dxc6 bxc6 12.Bb2 Rb8 13.Qd2 c5 14.Ndb5 a6 15.Na3 Ne8
16.Nd5  1/2-1/2

[Event "Botvinnik 100th Open"]
[Site "St Petersburg RUS"]
[Date "2011.08.20"]
[Round "9"]
[White "Tugarin,A"]
[Black "Nikitinyh,B"]
[Result "1-0"]
[WhiteElo "1976"]
[BlackElo "2234"]

1.d4 Nf6 2.c4 d6 3.Nf3 g6 4.g3 Bg7 5.Bg2 O-O 6.O-O Nbd7 7.Nc3 c6 8.e4 Qc7
9.h3 Re8 10.Be3 e5 11.d5 a6 12.a3 Nc5 13.Nd2 cxd5 14.cxd5 b5 15.b4 Ncd7 16.Rc1 Qd8
17.Nb3 Nb6 18.Na5 Bd7 19.Nb1 Nc4 20.Nxc4 bxc4 21.Re1 Rc8 22.Rc3 a5 23.Qc2 Bb5
24.Nd2 axb4 25.axb4 Qc7 26.Rc1 Qb8 27.Nxc4 Ba6 28.Nb6 Rxc3 29.Qxc3 Re7 30.Qb2 Qf8
31.b5 Bb7 32.Nc4 Ne8 33.Na5 f5 34.Nc6 Rd7 35.Qd2 Nf6 36.Na5 fxe4 37.Nxb7 Rxb7
38.b6 Rb8 39.Bf1 Nd7 40.Rc6 Bf6 41.Ba6 Ra8 42.b7 Re8 43.Ba7 Bd8 44.Rc8 Qf5
45.Bb5 e3 46.Qe2 Rf8 47.Bxe3 Nb6 48.b8=Q Nxc8 49.Qg4 Qb1+ 50.Kg2  1-0

[Event "4th Jessie Gilbert Open"]
[Site "Coulsdon ENG"]
[Date "2011.08.21"]
[Round "2"]
[White "Campbell,E"]
[Black "Matuszewski,Mi"]
[Result "0-1"]
[WhiteElo "1876"]
[BlackElo "2325"]

1.Nf3 Nf6 2.c4 g6 3.g3 Bg7 4.Bg2 d6 5.d4 O-O 6.O-O Nc6 7.Nc3 a6 8.d5 Na5
9.b3 c5 10.dxc6 bxc6 11.Bb2 Rb8 12.c5 dxc5 13.Qxd8 Rxd8 14.Rfd1 Be6 15.Ng5 Bf5
16.Na4 h6 17.Bc3 Rxd1+ 18.Rxd1 Nxb3 19.axb3 hxg5 20.Nxc5 Nd5 21.Bxg7 Kxg7
22.e4 Bg4 23.Ra1 Nc7 24.Bf1 Bc8 25.Rd1 Ne6 26.Nxa6 Rxb3 27.Rc1 Bxa6 28.Bxa6 Nd4
29.Kg2 Rb6 30.Bc8 Rb8 31.Ba6 Rb2 32.Bc8 Kf6 33.Bd7 Rb7 34.Bc8 Rb8 35.Ba6 Rb6
36.Bc8 Ke5 37.f4+ gxf4 38.gxf4+ Kxe4 39.Re1+ Kxf4 40.Rf1+ Ke3 41.Rxf7 e5
42.Bg4 c5 43.Rc7 Rc6 44.Rxc6 Nxc6 45.h4 c4  0-1

[Event "4th Jessie Gilbert Open"]
[Site "Coulsdon ENG"]
[Date "2011.08.22"]
[Round "3"]
[White "Arkell,K"]
[Black "Willmoth,R"]
[Result "1-0"]
[WhiteElo "2432"]
[BlackElo "2163"]

1.d4 Nf6 2.Nf3 g6 3.c4 Bg7 4.g3 O-O 5.Bg2 d6 6.O-O c6 7.Nc3 Qa5 8.e4 e5 9.d5 cxd5
10.Nxd5 Nxd5 11.cxd5 Na6 12.a3 Bd7 13.b4 Qa4 14.Be3 Rfc8 15.Qxa4 Bxa4 16.Rfc1 Nc7
17.Nd2 Bd7 18.Nc4 Ne8 19.Na5 Rcb8 20.f3 Bf6 21.Bf1 Bd8 22.Kf2 Kf8 23.g4 g5
24.h4 gxh4 25.a4 Nf6 26.Bh6+ Ke8 27.Bb5 Bxb5 28.axb5 a6 29.Nc4 Kd7 30.bxa6 Rxa6
31.b5 Rxa1 32.Rxa1 Ng8 33.Be3 Ne7 34.Kg2 Nc8 35.Kh3 Ne7 36.g5 Ng6 37.Kg4 f6
38.gxf6 Bxf6 39.Nb6+ Ke8 40.Rc1 Kf7 41.Nc8 Be7 42.Rc7 Ke8 43.Nxe7 Nxe7 44.Bg5 Ng6
45.Rxh7 Rc8 46.Kf5 Nf4 47.Bxf4 exf4 48.Ke6  1-0

[Event "Brasschaat Masters"]
[Site "Brasschaat BEL"]
[Date "2011.08.23"]
[Round "4.2"]
[White "Izsak,Gyu"]
[Black "Maes,W"]
[Result "1-0"]
[WhiteElo "2474"]
[BlackElo "2245"]

1.d4 Nf6 2.c4 g6 3.Nf3 Bg7 4.g3 O-O 5.Bg2 d6 6.Nc3 Nc6 7.O-O Bf5 8.Ne1 e5
9.d5 Ne7 10.e4 Bd7 11.Nd3 Ne8 12.f4 c6 13.Be3 cxd5 14.cxd5 Kh8 15.Qb3 b6
16.a4 Nf6 17.h3 Nh5 18.fxe5 Nxg3 19.Rf3 Nh5 20.exd6 Nc8 21.e5 Bf5 22.Rxf5 gxf5
23.Rf1 f4 24.Nxf4 Bxe5 25.Nxh5 Qh4 26.Qd1 Rg8 27.Qf3 Nxd6 28.Bf4 Bd4+ 29.Kh2 Rad8
30.Qd3 Bg7 31.Nxg7 Kxg7 32.Be5+ Kf8 33.Bf6 Qh5 34.Bxd8 Qe5+ 35.Kh1 Rg3 36.Bf6  1-0

[Event "3rd Senica Open"]
[Site "Senica SVK"]
[Date "2011.08.27"]
[Round "8.13"]
[White "Kimerling,M"]
[Black "Spacek,O"]
[Result "1/2-1/2"]
[WhiteElo "2047"]
[BlackElo "1944"]

1.d4 Nf6 2.c4 g6 3.g3 Bg7 4.Bg2 O-O 5.Nf3 d6 6.O-O c6 7.Nc3 Nbd7 8.e4 e5
9.h3 Re8 10.Be3 Qc7 11.Qc2 exd4 12.Nxd4 a5 13.Rfd1 Nc5 14.b3 Qe7 15.Re1 Bd7
16.f3 Rad8  1/2-1/2

[Event "TCh-SUI 2011"]
[Site "Switzerland SUI"]
[Date "2011.08.27"]
[Round "6.4"]
[White "Brunner,L"]
[Black "Ballmann,M"]
[Result "1/2-1/2"]
[WhiteElo "2447"]
[BlackElo "2389"]

1.d4 Nf6 2.c4 g6 3.Nf3 Bg7 4.g3 O-O 5.Bg2 d6 6.O-O a6 7.b3 b5 8.Nbd2 bxc4
9.bxc4 c5 10.dxc5 dxc5 11.Nb3 Nfd7 12.Rb1 Bb7 13.Be3 Qc7 14.Nxc5 Nxc5 15.Bxc5 Qxc5
16.Rxb7 Ra7 17.Rxa7 Qxa7 18.Qd5 e6 19.Qe4 Nd7 20.Rb1 Nc5 21.Qc6 Rd8 22.e3 Bf8
23.Nd4 Rb8 24.Rxb8 Qxb8 25.Nb3 Nxb3 26.axb3 Qxb3 27.Qxa6 Qc2 28.Bf1 h5 29.Qb5 Bd6
30.Qb6 Bf8 31.Qd4 Qf5 32.Bd3 Qa5 33.h3 Qc7 34.Be4 Bd6 35.Kg2 Be5 36.Qd3 Kg7
37.f4 Bf6 38.g4 hxg4 39.hxg4 g5 40.f5 exf5 41.Bxf5 Qb7+ 42.Kf2 Qb2+ 43.Kf3 Qc1
44.Kg2  1/2-1/2

[Event "TCh-SUI 2011"]
[Site "Switzerland SUI"]
[Date "2011.08.27"]
[Round "6.5"]
[White "Gerber,R"]
[Black "Weindl,A"]
[Result "1-0"]
[WhiteElo "2386"]
[BlackElo "2377"]

1.d4 Nf6 2.c4 g6 3.g3 Bg7 4.Bg2 O-O 5.Nf3 d6 6.O-O c6 7.Nc3 Qb6 8.b3 a5 9.Bb2 a4
10.h3 Be6 11.Qc2 axb3 12.axb3 Rxa1 13.Rxa1 Na6 14.Na4 Qc7 15.Nd2 d5 16.e3 Rd8
17.Bc3 Bf5 18.Qb2 h5 19.Nc5 Nxc5 20.dxc5 Qd7 21.cxd5 cxd5 22.h4 Bh3 23.Bh1 Qb5
24.b4 Ne8 25.Nf3 f6 26.Nd4 Qd3 27.Bf3 e5 28.Rd1 Qa6 29.Be2 Qa8 30.Nb5 Kh7
31.Qb3 Be6 32.Bb2 Bg8 33.Qc2 f5 34.Bxh5 gxh5 35.Qxf5+ Kh8 36.Bxe5 Qa6 37.Qxh5+ Bh7
38.Nc7 Qg6 39.Qxg6 Bxg6 40.Ne6 Rd7 41.Bxg7+ Nxg7 42.Nf8 Bh5 43.Nxd7 Bxd1
44.b5 Ne8 45.c6 b6 46.Nxb6 Nc7 47.Nd7 Nxb5 48.Ne5 Kg7 49.g4 Be2 50.Kg2 Nd6
51.f3 Bb5 52.Kg3 Nc4 53.c7 Ba6 54.Kf4 Nd6 55.Nc6 Ne8 56.Ke5 Nxc7 57.h5 Nb5
58.Nb4 Bb7 59.Nxd5 Na3 60.e4 Nc4+ 61.Kd4 Nd2 62.f4 Kf7 63.g5 Nb3+ 64.Ke5 Na5
65.f5 Nc6+ 66.Kf4 Nd4 67.h6  1-0

[Event "BDO Premier"]
[Site "Haarlem NED"]
[Date "2011.08.28"]
[Round "9.3"]
[White "Turov,M"]
[Black "Bosboom,M"]
[Result "1-0"]
[WhiteElo "2630"]
[BlackElo "2399"]

1.d4 Nf6 2.c4 g6 3.Nf3 Bg7 4.g3 d6 5.Bg2 O-O 6.O-O Nbd7 7.Nc3 e5 8.e3 Re8
9.b3 exd4 10.Nxd4 Nc5 11.Qc2 Bd7 12.Bb2 Qc8 13.b4 Na6 14.a3 Bh3 15.Nd5 Nxd5
16.cxd5 Bxg2 17.Kxg2 Re5 18.e4 Rh5 19.f4 Qh3+ 20.Kg1 Re8 21.Rae1 Qg4 22.Nf3 Bxb2
23.Qxb2 Nb8 24.Qd4 b6 25.Rc1 Qd7 26.Qc4 Re7 27.Rfe1 Qe8 28.g4 Rh6 29.Kg2 Nd7
30.Qd4 Nf8 31.h3 a5 32.Kg3 axb4 33.axb4 f5 34.exf5 gxf5 35.Rxe7 Qxe7 36.Re1 Qf7
37.g5 Rh5 38.Ra1 h6 39.Ra8 hxg5 40.Nxg5 Qg6 41.Qe3 Rh8 42.Qe6+  1-0

[Event "10th Sunny Beach Open"]
[Site "Sunny Beach BUL"]
[Date "2011.08.28"]
[Round "2.7"]
[White "Vasilev,M"]
[Black "Ionica,I"]
[Result "1-0"]
[WhiteElo "2481"]
[BlackElo "2244"]

1.d4 Nf6 2.c4 g6 3.Nf3 Bg7 4.g3 O-O 5.Bg2 d6 6.O-O Nc6 7.b3 e5 8.Bb2 a6 9.Nbd2 Rb8
10.d5 Ne7 11.e4 Nd7 12.Qc2 f5 13.exf5 Nxf5 14.Ne4 Nf6 15.Neg5 h6 16.Ne6 Bxe6
17.dxe6 Qe7 18.Bh3 Qxe6 19.Nh4 Nh5 20.Rae1 Qf7 21.Ng2 Qf6 22.f4 Nd4 23.Qe4 exf4
24.g4 f3 25.Rf2 Nf4 26.Nxf4 Qxf4 27.Qxg6 Qg5 28.Qxg5 hxg5 29.Bf1 Rbe8 30.Rxe8 Rxe8
31.Kh1 Rf8 32.Bd3 Rf4 33.h3 Rf8 34.Be4 Re8 35.Bd5+ Kh7 36.Bc3 c6 37.Bxf3 Nxf3
38.Rxf3 Bxc3 39.Rxc3 Re1+ 40.Kg2 Re2+ 41.Kf3 Rxa2 42.Rd3 Rb2 43.Ke4 Kg7 44.Kf5 b5
45.Kxg5 d5 46.cxd5 cxd5 47.h4 a5 48.h5 a4 49.h6+ Kf8 50.Rf3+ Ke7 51.bxa4 bxa4
52.h7 Rb8 53.Kg6 Ke6 54.Kg7 Rb7+ 55.Kh6  1-0

[Event "23rd Schlosspark-Open"]
[Site "Wiesbaden GER"]
[Date "2011.08.28"]
[Round "7.27"]
[White "Sarkoezy,B"]
[Black "Will,P"]
[Result "1-0"]
[WhiteElo "1944"]
[BlackElo "2021"]

1.c4 Nf6 2.g3 g6 3.Bg2 Bg7 4.Nf3 d6 5.d4 O-O 6.Nc3 a6 7.O-O Nc6 8.e3 Rb8
9.Nd2 Bd7 10.b3 b5 11.cxb5 axb5 12.Bb2 b4 13.Ne2 Na7 14.Qc2 c6 15.Rfc1 Qb6
16.Nf4 Rfc8 17.e4 Nb5 18.Nc4 Qa7 19.Qd2 Ne8 20.e5 d5 21.Ne3 Nbc7 22.a4 Bh6
23.Nd3 Na6 24.f4 Ng7 25.Nf2 Nf5 26.Nfg4 Bf8 27.Nxf5 Bxf5 28.Ne3 Bd7 29.f5 Bh6
30.e6 fxe6 31.fxg6 hxg6 32.Qd3 Kh7 33.Ng4 Bg7 34.Re1 c5 35.Re5 Bxe5 36.Nxe5 Rg8
37.Rf1 Be8 38.Rf4 Rg7 39.Rh4+ Kg8 40.Bh3 Nc7 41.Qe3 g5 42.Rg4 Bf7 43.Rxg5 Ne8
44.Qf4 Rxg5 45.Qxf7+ Kh8 46.Qf8+ Kh7 47.Nf7 Nf6 48.Nxg5+ Kg6 49.Qf7+  1-0

[Event "7th Dieppe Open A"]
[Site "Dieppe FRA"]
[Date "2011.08.29"]
[Round "2.5"]
[White "Mladenov,P"]
[Black "Feryn,A"]
[Result "1-0"]
[WhiteElo "2391"]
[BlackElo "2063"]

1.d4 Nf6 2.Nf3 g6 3.c4 Bg7 4.g3 O-O 5.Bg2 d6 6.O-O Nbd7 7.Qc2 e5 8.Rd1 Qe7
9.Nc3 c6 10.b3 Re8 11.c5 d5 12.b4 a5 13.b5 exd4 14.Nxd4 Qxc5 15.a4 cxb5 16.Ndxb5 Ne5
17.Be3 Qc6 18.Bd4 Bf5 19.Qa2 Ne4 20.Rac1 Qc4 21.Qxc4 Nxc4 22.Nxe4  1-0

[Event "10th Sunny Beach Open"]
[Site "Sunny Beach BUL"]
[Date "2011.08.29"]
[Round "3.12"]
[White "Galicek,S"]
[Black "Georgiev,Kr"]
[Result "1-0"]
[WhiteElo "2155"]
[BlackElo "2426"]

1.d4 g6 2.c4 Bg7 3.g3 d6 4.Bg2 Nf6 5.Nf3 O-O 6.O-O c6 7.Nc3 a6 8.e4 Nfd7
9.Re1 b5 10.e5 bxc4 11.e6 Nb6 12.exf7+ Rxf7 13.Ng5 Rf5 14.Bh3 Bf6 15.Bxf5 Bxf5
16.g4 Bd7 17.h3 a5 18.Nge4 Bg7 19.Bg5 h6 20.Bh4 Qf8 21.Re3 g5 22.Bg3 Qf7
23.Rf3 Qg6 24.Qd2 Be6 25.Re1 Bf7 26.Rfe3 N8d7 27.f4 gxf4 28.Bxf4 Rf8 29.Ng3 e5
30.dxe5  1-0

[Event "10th Sunny Beach Open"]
[Site "Sunny Beach BUL"]
[Date "2011.08.30"]
[Round "4.11"]
[White "Colovic,A"]
[Black "Carmaciu,L"]
[Result "0-1"]
[WhiteElo "2450"]
[BlackElo "2388"]

1.d4 Nf6 2.c4 g6 3.Nf3 Bg7 4.g3 O-O 5.Bg2 d6 6.Nc3 c6 7.O-O Qa5 8.e4 e5 9.h3 Nbd7
10.Re1 exd4 11.Nxd4 Ne5 12.Bf1 Re8 13.Be3 c5 14.Nb3 Qb4 15.Qxd6 Nf3+ 16.Kh1 Nxe1
17.Bxc5 Qxc3 18.bxc3 Nxe4 19.Qd5 Bxc3 20.Rd1 Bf5 21.Bg2 Nxg3+ 22.Kh2 Nxg2
23.Qxg2 Ne2 24.Bd6 Rad8 25.c5 Be5+ 26.Kh1 Nf4 27.Qf1 Bxh3 28.Qc4 Bg4 29.Rd2 Bf3+
30.Kh2 Bd5 31.Qa4 Bc6 32.Qc4 Rxd6 33.cxd6 Ne2+ 34.Kh3 Ng1+ 35.Kh4 Nf3+ 36.Kh3 Nxd2
37.Nxd2 Bxd6 38.Qd4 Bc7 39.f3 Re2 40.Ne4 Rh2+ 41.Kg4 f5+ 42.Kg5 Rh5+ 43.Kf6 fxe4
44.Qc4+ Bd5  0-1

[Event "10th Sunny Beach Open"]
[Site "Sunny Beach BUL"]
[Date "2011.08.30"]
[Round "4.8"]
[White "Miron,L"]
[Black "Pancevski,F"]
[Result "1-0"]
[WhiteElo "2506"]
[BlackElo "2410"]

1.d4 Nf6 2.c4 g6 3.Nf3 Bg7 4.g3 d6 5.Bg2 O-O 6.Nc3 a6 7.O-O Nc6 8.b3 Rb8
9.Nd5 Nh5 10.Bb2 e6 11.Nc3 b5 12.Rb1 Bd7 13.e3 e5 14.dxe5 Nxe5 15.Nxe5 Bxe5
16.Qe2 b4 17.Nd5 Bxb2 18.Rxb2 c6 19.Nf4 Nxf4 20.gxf4 c5 21.Rd2 Qf6 22.Rfd1 Rb6
23.Rd5 Be6 24.Rxd6 Rxd6 25.Rxd6 Rd8 26.Rxd8+ Qxd8 27.Bd5 Bh3 28.Qf3 Qd7 29.Qg3 Qg4
30.Bf3 Qd7 31.e4 a5 32.f5 Bxf5 33.exf5 Qxf5 34.Bd5 Kg7 35.Kg2 h5 36.h3  1-0